| 000 | 00540nam a22001937a 4500 | ||
|---|---|---|---|
| 003 | OSt | ||
| 005 | 20170105103441.0 | ||
| 008 | 120425t xxu||||| |||| 00| 0 eng d | ||
| 020 | _a9789380108551 | ||
| 040 | _cASAB | ||
| 050 | _a610.1 , MAR | ||
| 100 |
_aAndrew R marks and Ushma S Neill _9144 |
||
| 245 |
_aTextbook of Molecular Medicine _bScience in Medicine |
||
| 260 |
_aNew Delhi _bJones and Bartlett |
||
| 300 | _a1155 | ||
| 440 |
_aTextbook of Molecular Medicine _9145 |
||
| 650 |
_a Molecular Medicine _9146 |
||
| 942 |
_2lcc _cBK |
||
| 999 |
_c16473 _d16473 |
||